SCE Library
  • Lists
    Public lists NEW ARRIVALS 2026 PGDE Programme PgCCP PgCHE M.Ed (Science) New Books on Mindfulness New List Books donated by Bhutan Society for the UK Trust Fund Books Donated by Consulate General of India Phuentsholing PGCERT View all
    Your lists Log in to create your own lists
  • Log in to your account
  • Your cookies
  • Search history
  • Clear

About Us
Library Rules
Membership
Collection
Code of Conduct
  • Advanced search
  • Course reserves
  • Tag cloud
  • Libraries
  • Log in to your account

    1. Home
    2. MARC view: Early intervention and quality education of children with disabilities in Asia and the Pacific /
    Normal view MARC view ISBD view

    Early intervention and quality education of children with disabilities in Asia and the Pacific / (Record no. 19965)

    [ view plain ]
    MARC details
    000 -LEADER
    fixed length control field 00474nam a22001697a 4500
    003 - CONTROL NUMBER IDENTIFIER
    control field BT-SaRUSC
    005 - DATE AND TIME OF LATEST TRANSACTION
    control field 20260408105959.0
    008 - FIXED-LENGTH DATA ELEMENTS--GENERAL INFORMATION
    fixed length control field 260408b |||||||| |||| 00| 0 eng d
    040 ## - CATALOGING SOURCE
    Transcribing agency BT-SaRUSC
    082 ## - DEWEY DECIMAL CLASSIFICATION NUMBER
    Classification number A6.8 UNE
    110 ## - MAIN ENTRY--CORPORATE NAME
    Corporate name or jurisdiction name as entry element UNESCO
    9 (RLIN) 498
    245 ## - TITLE STATEMENT
    Title Early intervention and quality education of children with disabilities in Asia and the Pacific /
    Statement of responsibility, etc UNESCO
    260 ## - PUBLICATION, DISTRIBUTION, ETC. (IMPRINT)
    Name of publisher, distributor, etc UNESCO
    Date of publication, distribution, etc 2021
    300 ## - PHYSICAL DESCRIPTION
    Extent 72 P.
    Dimensions 30 CM.
    541 ## - IMMEDIATE SOURCE OF ACQUISITION NOTE
    Date of acquisition 8.4.26
    Accession number GD 2378
    942 ## - ADDED ENTRY ELEMENTS (KOHA)
    Source of classification or shelving scheme Dewey Decimal Classification
    Koha item type Government Document
    Holdings
    Withdrawn status Lost status Source of classification or shelving scheme Damaged status Not for loan Home library Current library Shelving location Date acquired Inventory number Total Checkouts Full call number Barcode Date last seen Price effective from Koha item type
        Dewey Decimal Classification     Samtse College of Education Samtse College of Education   08/04/2026 GD 2378   A6.8 UNE GD2378 08/04/2026 08/04/2026 Government Document
    • Place hold
    • Print
    • Save record
      BIBTEX Dublin Core MARCXML MARC (non-Unicode/MARC-8) MARC (Unicode/UTF-8) MARC (Unicode/UTF-8, Standard) MODS (XML) RIS
    • More searches
      Search for this title in:
      Other Libraries (WorldCat) Other Databases (Google Scholar) Online Stores (Bookfinder.com) ebook (library genesis)

    Exporting to Dublin Core...




    Maintained by Academic Resource Center, Samtse College of Education